000 00442nam a2200181Ia 4500
001 9841
005 20260306161748.0
008 260306t2011||||xx |||||||||||||| ||spa||
041 _aESP
082 _a468
_bCH535
100 _aChávez Pérez, Fidel
_eAUT
245 0 _aRedacción avanzada:
_bUn enfoque lingüístico
260 _c2011
300 _a338 páginas :
_c27 cm.
650 _aGEN
654 _aCHU
942 _cLIB
_dJUS
_fJUS
_2ddc
_n
999 _c9841
_d9841